1400 1751 1341 1157 1703 1320 1111 1119 1887 1755 1484 1874 1074 1839 1857 1846 1612 1617 1946 1433 1741 1878 1635 1355 1741 1122 1725 1661 1665 1485 1248 1779 1928 1813 1169 1522 2000 1763 1397 1156 1228 1362 1275 1753 1523 1462 1569 1631 1637 1370 1689 1716 1291 1323 1597 1827 1759 1778 1213 1975 1769 1507 1678 1834 1581 1120 1096 1958 1315 1077 1761 1738 1093 1554 1046 1041 1965 1151 1687 1957 1190 1537 1913 1674 1775 1140 1655 1054 1393 1053 1136 1254 1644 1744 1391 1598 1776 1867 1629 BCNSPRNW ULIB Ver.6.0+V

เปลี่ยนเป็นภาษาไทย

Change to English
 แสดงรายละเอียดบรรณานุกรม
  กลับหน้าหลัก

Brief Record : Get Marc (ISO 2709) : E-mail record : QR code < ปิดหน้าต่าง
LEADER : 00000nam 2200000uu 4500
001    13399127411
003     ULIB
008    020711s2559 th a 000 0 tha d
020    ู^a9786162665301
050  0 ^aนว^bน196บ
100    ^aนภัค
245    ^aบรรณาการรักซาตาน
250    ^aพิมพ์ครั้งที่ 1
260    ^aกรุงเทพฯ :^bอินเลิฟ พับลิชชิ่ง คอร์เปอร์เรชั่น จำกัด,^c2559
300    ^a382 หน้า;^b21 ซม.
650    ^aนวนิยาย
945    ^p349^l0^i007085
999    ^aประนอม เกษจรัล
รายการนี้ยังไม่มีแท็ก
คุณยังไม่ได้ล็อกอิน คุณสามารถมีกิจกรรมร่วมกับเว็บไซต์ได้ แต่ต้องล็อกอินก่อน ::
  ล็อกอิน

รายการสื่อสารสนเทศ

ลำดับที่ ประเภท เลขเรียก/บาร์โค้ด สถานที่ สถานะ
1. นวนิยาย
นวนิยาย
นว น196บ ฉ.1 
  Barcode: 007085
ห้องสมุดวิทยาเขตสวรรค์ประชารักษ์
►หนังสือทั่วไป
บนชั้น

รายการใกล้เคียง
    หัวเรื่อง [นวนิยาย]

BibComment


ยังไม่เคยถูกคอมเมนท์

คอมเมนท์ทรัพยากรรายการนี้
  คอมเมนท์: บรรณาการรักซาตาน


 Copyright 2026. Bcnsprnw @Library